Peribañez y el comendador de Ocaña

Uloženo v:
Podrobná bibliografie
Hlavní autor: Vega, Lope de (Autor)
Médium: Kniha
Jazyk:španělština
Vydáno: Santiago Zig-Zag 1954
Edice:Biblioteca Zig-Zag, 92-93
Témata:
Tagy: Přidat tag
Žádné tagy, Buďte první, kdo vytvoří štítek k tomuto záznamu!

MARC

LEADER 00000nam a2200000 a 4500
001 UCX1966
003 CL-VaPUC
008 901206e19540000CL |||||||||||||||||spa|d
082 0 4 |a 862  |b VEG  |2 21 
100 0 |a Vega, Lope de  |e author  |9 317692 
245 1 0 |a Peribañez y el comendador de Ocaña 
300 |a 192 p 
942 |c BK 
945 |d 19901206 00:00:00 
260 |a Santiago  |b Zig-Zag  |c 1954 
650 0 |a Teatro español  |9 265077 
583 |a last modification  |c 19901206 00:00:00  |k Rodrigo Vera 
490 0 |a Biblioteca Zig-Zag, 92-93 
999 |c 223087  |d 223085 
952 |0 0  |1 0  |4 0  |6 862_000000000000000_VEG_1954  |7 0  |8 A  |9 218542  |a BIBEDU  |b BIBEDU  |d 2019-11-15  |i 2873540  |o 862 VEG 1954  |p 2873540  |r 2019-11-15  |w 2019-11-15  |y BK  |k LIT 
952 |0 0  |1 0  |4 0  |6 862_000000000000000_VEG_1954  |7 0  |8 A  |9 218543  |a BIBEDU  |b BIBEDU  |d 2019-11-15  |i 2873559  |o 862 VEG 1954  |p 2873559  |r 2019-11-15  |w 2019-11-15  |y BK  |k LIT 
952 |0 0  |1 0  |4 0  |6 862_000000000000000_VEG_1954  |7 0  |8 A  |9 218544  |a BIBEDU  |b BIBEDU  |d 2019-11-15  |i 2873567  |o 862 VEG 1954  |p 2873567  |r 2019-11-15  |w 2019-11-15  |y BK  |k LIT 
952 |0 0  |1 0  |4 0  |6 862_000000000000000_VEG_1954  |7 0  |8 A  |9 218545  |a BIBEDU  |b BIBEDU  |d 2019-11-15  |i 2873575  |o 862 VEG 1954  |p 2873575  |r 2019-11-15  |w 2019-11-15  |y BK  |k LIT 
952 |0 0  |1 0  |4 0  |6 862_000000000000000_VEG_1954  |7 0  |8 A  |9 218546  |a BIBEDU  |b BIBEDU  |d 2019-11-15  |i 2873583  |o 862 VEG 1954  |p 2873583  |r 2019-11-15  |w 2019-11-15  |y BK  |k LIT 
952 |0 0  |1 0  |4 0  |6 862_000000000000000_VEG_1954  |7 0  |8 A  |9 218547  |a BIBEDU  |b BIBEDU  |d 2019-11-15  |i 2873591  |l 1  |o 862 VEG 1954  |p 2873591  |r 2024-04-10  |s 2024-04-10  |w 2019-11-15  |y BK  |k LIT 
952 |0 0  |1 0  |4 0  |6 862_000000000000000_VEG_1954  |7 0  |8 A  |9 218548  |a BIBEDU  |b BIBEDU  |d 2019-11-15  |i 1450042  |o 862 VEG 1954  |p 1450042  |r 2019-11-15  |w 2019-11-15  |y BK  |k LIT 
952 |0 0  |1 0  |4 0  |6 862_000000000000000_VEG_1954  |7 0  |8 A  |9 218549  |a BIBEDU  |b BIBEDU  |d 2019-11-15  |i 1450093  |o 862 VEG 1954  |p 1450093  |r 2019-11-15  |w 2019-11-15  |y BK  |k LIT 
952 |0 0  |1 0  |4 0  |6 862_000000000000000_VEG_1954  |7 0  |8 A  |9 218550  |a BIBEDU  |b BIBEDU  |d 2019-11-15  |i 3596990  |o 862 VEG 1954  |p 3596990  |r 2019-11-15  |w 2019-11-15  |y BK  |k LIT